Nuclear power (Registro nro. 184536)
[ vista simple ]
| 000 -ENCABEZADO | |
|---|---|
| Número de control [NR] | 01551cam a2200265Ia 4500 |
| 005 - FECHA Y HORA DE LA ÚLTIMA TRANSACCIÓN | |
| control field | 20170608110958.0 |
| 008 - DE LONGITUD FIJA DE DATOS DE ELEMENTOS - INFORMACIÓN GENERAL | |
| Elementos de longitud fija [NR] | 110815s2011 enkad frn 001 0beng d |
| 020 ## - NUMERO INTERNACIONAL NORMALIZADO PARA LIBROS [R] | |
| ISBN Cancelado/ Invalidado [R] | 9780199584970 |
| 040 ## - FUENTE DE CATALOGACION [NR] | |
| Agencia de catalogación original [NR] | Co-BoUCM |
| Idioma de catalogación [NR] | spa |
| Quien Cataloga | |
| Quien Clasifica | Aldemar Mondragón |
| 041 ## - CODIGO DE IDIOMA [R] | |
| Código de idioma para texto/pista de sonido o título separado [R] | Inglés |
| 100 1# - ASIENTO PRINCIPAL--NOMBRE PERSONAL [NR] | |
| Nombre personal [NR] | Irvine, J. M. |
| Forma más completa del nombre [NR] | (John Maxwell) |
| ID Autoridad | 54954 |
| 245 10 - MENCION DE TITULO [NR] | |
| Título [NR] | Nuclear power |
| Parte restante del título [NR] | a very short introduction |
| Mención de responsabilidad, etc. [NR] | Maxwell Irvine |
| 260 ## - PUBLICACION, DISTRIBUCION, ETC. (PIE DE IMPRENTA) [R] | |
| Lugar de publicación, distribución, etc. [R] | Oxford (Oxfordshire, Inglaterra) |
| -- | New York (Estados Unidos) |
| Nombre del editor, distribuidor, etc. [R] | Oxford University Press |
| Fecha de publicación, distribución, etc. [R] | 2011 |
| 300 ## - DESCRIPCION FISICA [R] | |
| Extensión [R] | xx, 132 páginas |
| Otros detalles físicos [NR] | ilustraciones y gráficas |
| 490 1# - MENCION DE SERIE [R] | |
| Mención de serie [R] | Very short introduction |
| Designación numérica/secuencial del volumen [NR] | 268 |
| 500 ## - NOTA GENERAL [R] | |
| Nota general [NR] | Incluye índice |
| 520 ## - NOTA DE RESUMEN, ETC. [R] | |
| Nota de sumario, etc. [NR] | With the World desperate to find energy sources that do not emit carbon gasses, nuclear power is back on the agenda and in the news, following the increasing cost of fossil fuels and concerns about the security of their future supply. However, the term 'nuclear power' causes anxiety in many people and there is confusion concerning the nature and extent of the associated risks. Here, Maxwell Irvine presents a concise introduction to the development of nuclear physics leading up to the emergence of the nuclear power industry. He discusses the nature of nuclear energy and deals with various aspec. |
| 650 #7 - ASIENTO SECUNDARIO DE MATERIA - TERMINO TEMATICO [R] | |
| Término temático o nombre geográfico como elemento de entrada [NR] | Energía nuclear |
| 9 (RLIN) | 14233 |
| 650 #7 - ASIENTO SECUNDARIO DE MATERIA - TERMINO TEMATICO [R] | |
| Término temático o nombre geográfico como elemento de entrada [NR] | Energía nuclear |
| Subdivisión general [R] | Aspectos económicos |
| 9 (RLIN) | 54956 |
| 650 #7 - ASIENTO SECUNDARIO DE MATERIA - TERMINO TEMATICO [R] | |
| Término temático o nombre geográfico como elemento de entrada [NR] | Industria nuclear |
| 9 (RLIN) | 54955 |
| 650 #7 - ASIENTO SECUNDARIO DE MATERIA - TERMINO TEMATICO [R] | |
| Término temático o nombre geográfico como elemento de entrada [NR] | Ingeniería |
| 9 (RLIN) | 17607 |
| 690 ## - ASUNTO AGREGADO LOCAL DE ENTRADA - TÉRMINO TEMÁTICO (OCLC, RLIN) | |
| 9 (RLIN) | 42854 |
| Acceso temático local | Ingeniería |
| 942 ## - ELEMENTOS DE ENTRADA AGREGADOS (KOHA) | |
| Tema principal | Ciencias aplicadas |
| Tipo de ítem principal el descrito en 300a | Libro |
| Edición | 1 |
| Parte restante de la signatura top. | I721n |
| Sistema de clasificación | DEWEY |
| Clasificación | 621.48 |
| Fecha de último préstamo | Total préstamos | Total Renewals | Signatura topográfica | Código de barras | Última vez visto | Ejemplar | Costo de reposición | Price effective from | Tipo de ítem | Perdido | Sistema de clasificación | Dañado | No prestable | Tipo de ítem específico | Suprimido | Ubicación habitual | Ubicación actual | Localización | Fecha de creación | Proveedor | Forma de adquisición | Costo |
|---|---|---|---|---|---|---|---|---|---|---|---|---|---|---|---|---|---|---|---|---|---|---|
| 22/01/2024 | 4 | 3 | 621.48 I721n | 100139934 | 04/12/2025 | Ej.1 | 18000.00 | 14/01/2014 | Libro | DEWEY | Libro | Claustro | Claustro | 4to piso | 14/01/2014 | 15 | Compra | 18000.00 |